00294nam a2200121Ia 45000030006000000080041000060400015000471000020000622450041000822600020001235460012001430050017001550STCL150530s9999 xx 000 0 und d aSTCLcSTCL aNigel Alexander aShaws arms and the man and pygmalion bMacmillanc1968 aEnglish20220125170855.0